Central Library OPAC University of Rajshahi

Portrait of a marriage / (Record no. 17283)

MARC details
000 -LEADER
fixed length control field 00939nam a22002651a 4500
001 - CONTROL NUMBER
control field 17283
003 - CONTROL NUMBER IDENTIFIER
rucl marc code BD-RjUL
005 - DATE AND TIME OF LATEST TRANSACTION
control field 20211209000121.0
008 - FIXED-LENGTH DATA ELEMENTS--GENERAL INFORMATION
fixed length control field 731031s19521946nyu 000 1 eng
035 ## - SYSTEM CONTROL NUMBER
System control number (BD-RjUL)17341
System control number (OCoLC)732736
040 ## - CATALOGING SOURCE
Original cataloging agency DLC
Transcribing agency MBU
Modifying agency OCoLC
-- OU
-- DLC
-- BD-RjUL
Language of cataloging eng
041 ## - LANGUAGE CODE
Language code of text/sound track or separate title eng
082 ## - DEWEY DECIMAL CLASSIFICATION NUMBER
Classification number 813.5
Author mark and year BUP 1952
100 1# - MAIN ENTRY--PERSONAL NAME
Personal name Buck, Pearl S.
Fuller form of name (Pearl Sydenstricker),
Dates associated with a name 1892-1973.
9 (RLIN) 52042
245 10 - TITLE STATEMENT
Title Portrait of a marriage /
Statement of responsibility, etc. Pearl S. Buck ; illustrated by Charles Hargens.
260 ## - PUBLICATION, DISTRIBUTION, ETC. (IMPRINT)
Place of publication, distribution, etc. New York ;
-- London:
Name of publisher, distributor, etc. The John Day Company;
-- Methuen,
Date of publication, distribution, etc. 1952.
300 ## - PHYSICAL DESCRIPTION
Pagination 223 p. :
Illustrations ill. ;
Size 21 cm.
500 ## - GENERAL NOTE
General note "A shorter form of this novel appeared serially in Redbook magazine under the title 'A man's daily bread'." -- Verso t.p.
650 ## - SUBJECT ADDED ENTRY--TOPICAL TERM
Topical term or geographic name as entry element Fiction.
9 (RLIN) 53286
700 1# - ADDED ENTRY--PERSONAL NAME
Personal name Hargens, Charles,
Dates associated with a name 1893-1997,
942 ## - ADDED ENTRY ELEMENTS (KOHA)
Source of classification or shelving scheme Dewey Decimal Classification
Koha item type Books
Holdings
Lost status Source of classification or shelving scheme Damaged status Not for loan Collection code Permanent Location Current Location Shelving location Date acquired Source of acquisition Cost, normal purchase price Total Checkouts Full call number Date last seen Copy number Koha item type
  Dewey Decimal Classification   Not For Loan Fiction Central Library, University of Rajshahi Central Library, University of Rajshahi Reading Room 22/09/1956 ABC 6.14   813.5 BUP 1952 16/02/2014 C-1 Books
  Dewey Decimal Classification     Fiction Central Library, University of Rajshahi Central Library, University of Rajshahi   08/06/1955   4.12   813.5 BUP 1952 04/02/2020 C-2 Books